Catálogo
 En Linea

Manual del registro electoral / (Registro nro. 31992)

Detalles MARC
000 -CABECERA
campo de control de longitud fija 00485nam a2200157 a 4500
001 - NÚMERO DE CONTROL
campo de control 000032501
005 - FECHA Y HORA DE LA ÚLTIMA TRANSACCIÓN
campo de control 20240304185510.0
008 - DATOS DE LONGITUD FIJA--INFORMACIÓN GENERAL
campo de control de longitud fija 110718s19uu dr 000 0 spa d
040 ## - FUENTE DE LA CATALOGACIÓN
Centro catalogador/agencia de origen DO-SdBNP
Lengua de catalogación spa
Centro/agencia transcriptor BNPHU
049 ## - FONDOS LOCALES (OCLC)
Fondos de biblioteca BNPD
100 1# - ENTRADA PRINCIPAL--NOMBRE DE PERSONA
Nombre de persona Silié Gatón, José A.,
Fechas asociadas al nombre 1920-2014
9 (RLIN) 747
245 10 - MENCIÓN DE TÍTULO
Título Manual del registro electoral /
Mención de responsabilidad, etc. José A. Silie Gastón ; J. A. S. G.
260 ## - PUBLICACIÓN, DISTRIBUCIÓN, ETC.
Lugar de publicación, distribución, etc. [Santo Domingo] :
Nombre del editor, distribuidor, etc. [s.n.],
Fecha de publicación, distribución, etc. [19--].
300 ## - DESCRIPCIÓN FÍSICA
Extensión 162 p. ;
Dimensiones 23 cm.
500 ## - NOTA GENERAL
Nota general Bibliografía : P.159
Existencias
Estado de retiro Estado de pérdida No para préstamo Código de colección Localización permanente Ubicación/localización actual Ubicación en estantería Fecha de adquisición Número de inventario Total de préstamos Signatura topográfica completa Código de barras Fecha visto por última vez Precio válido a partir de Tipo de ítem Koha
    Excluido de préstamo Patrimonio Dominicano Patrimonio Dominicano Patrimonio Dominicano En catalogación 18.07.2011 LF1   32501-10 25.06.2020 25.06.2020 Libro y Folleto Colección Patrimonio Dominicano

Con tecnología Koha